LEADER 00964nam0 22002651i 450 001 990005406990403321 005 20190923112002.0 035 $a000540699 100 $a19990530d1907----km-y0itay50------ba 101 0 $ager 102 $aDE 105 $ay---e---000yy 200 1 $aDizionari o pratico italiano-tedesco e tedesco-italiano con riguardo speciale alla lingua parlata, alle espressioni tecniche del commercio...$fdi H. Michaelis 205 $a15. ed. 210 $aLipsia$cF. A. Brockhaus$d1907 215 $a2 v.$d22 cm 327 1 $a1.: Italiano-tedesco$a2.: Tedesco-italiano 700 1$aMichaelis,$bHenriette$08703 801 0$aIT$bUNINA$gRICA$2UNIMARC 901 $aBK 912 $a990005406990403321 952 $a433 MIC 1 (1)$bARCH. 3240$fFLFBC 959 $aFLFBC 996 $aDizionari o pratico italiano-tedesco e tedesco-italiano con riguardo speciale alla lingua parlata, alle espressioni tecniche del commercio..$91506692 997 $aUNINA LEADER 02786nam2 2200517 i 450 001 CFI0217866 005 20231121125448.0 010 $a8831191373 020 $aIT$b93-1949 100 $a19960213d1993 ||||0itac50 ba 101 | $aita$alat 102 $ait 181 1$6z01$ai $bxxxe 182 1$6z01$an 200 1 $a˜19.1: œPolemica con Giuliano 2./1$eopera incompiuta (Libri 1.-3.)$etesto latino dell'edizione maurina confrontato con il Corpus christianorum$fsant'Agostino$gintroduzione e note: Nello Cipriani$gtraduzione: Italo Volpi 210 $aRoma$cNuova biblioteca agostiniana$cCittà nuova$d\1993! 215 $aCIV, 646 p., \4! c. di tav.$cill.$d24 cm 300 $aNell'occhietto: Parte 1.: Libri, Opere polemiche, volume 19/1. 461 1$1001CFI0025514$12001 $aOpere di sant'Agostino$v19.1 500 10$aContra secundam Iuliani responsionem$3UFI0130573$9CFIV004595$952118 676 $a270$9STORIA DELLA CHIESA CRISTIANA$v21 700 1$aAugustinus$b, Aurelius$c $3CFIV004595$4070$0152280 702 1$aCipriani$b, Nello$3CFIV015727 702 1$aVolpi$b, Italo$3RAVV005513 790 0$aAugustinus Aurelius$c $3BVEV021814$zAugustinus, Aurelius 790 0$aAgostino : d'Ippona$c $3CFIV013519$zAugustinus, Aurelius 790 1$aAgostino$b, Aurelio$c $3CFIV030601$zAugustinus, Aurelius 790 0$aAugustinus : von Hippo$c $3CFIV130059$zAugustinus, Aurelius 790 0$aAurelio Agostino$c $3CFIV137762$zAugustinus, Aurelius 790 0$aAgostino$c $3CFIV157151$zAugustinus, Aurelius 790 0$aAgostino$3CFIV211414$zAugustinus, Aurelius 790 0$aAugustinus : Hipponensis$c $3RMLV215613$zAugustinus, Aurelius 801 3$aIT$bIT-01$c19960213 850 $aIT-RM028 $aIT-RM0290 $aIT-RM0313 $aIT-RM0281 $aIT-FR0084 $aIT-RM0151 $aIT-FR0017 899 $aBiblioteca Universitaria Alessandrina$bRM028 899 $aBIBLIOTECA ANGELICA$bRM0290 899 $aBIBLIOTECA CASANATENSE$bRM0313 899 $aBIBLIOTECA VALLICELLIANA$bRM0281 899 $aBiblioteca Del Monumento Nazionale Di Montecassino$bFR0084 899 $aBiblioteca Istituto Storico Italiano Medio Evo - I$bRM0151 899 $aBiblioteca umanistica Giorgio Aprea$bFR0017 912 $aCFI0217866 950 2$aBiblioteca umanistica Giorgio Aprea$d 52MAG 3 Coll A 19.1$e 52FSS0000067575 VMB RS $fA $h20200714$i20200714 977 $a 01$a 06$a 07$a 08$a 25$a 41$a 52 996 $aContra secundam Iuliani responsionem$952118 997 $aUNICAS